Normale Ansicht MARC-Ansicht ISBD

Imperial Spheres and the Adriatic : (Titelsatznr. 49688)

[ MARC ]
MARC-Details
000 -Satzkennung
Kontrollfeld mit fester Länge 01149nam a22003371c 4500
001 - Kontrollnummer
Kontrollfeld 898363098
008 - Feld mit fester Länge zur physischen Beschreibung - Allgemeine Angaben
Kontrollfeld mit fester Länge 180531s2017 gw |||| 000u eng d
020 ## - Internationale Standardbuchnummer
Internationale Standardbuchnummer 9781351614306
Verknüpfung 978-1-351-61430-6
041 ## - Sprachcode
Sprachcode des Textes/der Tonspur oder des separaten Titels eng
040 ## - Katalogisierungsquelle
Übertragungsstelle RU-10907106
003 - Kontrollnummer Identifier
Kontrollfeld RU-10907106
245 00 - Titel
Titel Imperial Spheres and the Adriatic :
Zusatz zum Titel Byzantium, the Carolingians and the Treaty of Aachen (812)
250 ## - Ausgabebezeichnung
Ausgabebezeichnung 1st ed
264 ## - Produktion, Veröffentlichung, Distribution, Herstellung und Urheberrechtsvermerk
Herstellungs-, Veröffentlichungs- Vertriebs-, Erzeugungsort London :
Produzent, Herausgeber, Distributor, Hersteller Routledge,
Datum der Herstellung, der Veröffentlichung, des Vertriebs oder des Urheberschutzvermerks 2017
300 ## - Physische Beschreibung
Umfang 1 Online-Ressource (366 pages)
336 ## - Inhaltstyp
Inhaltstypterm Text
Inhaltstypcode txt
Quelle rdacontent
337 ## - Medientyp
Bezeichnung des Medientyps Computermedien
Medientypcode c
Quelle rdamedia
338 ## - Datenträgertyp
Datenträgertypbezeichnung Online-Ressource
Datenträgertypcode cr
Quelle rdacarrier
500 ## - Allgemeine Fußnote
Allgemeine Fußnote E-Book-ProQuest / Fernzugriff nach Registrierung möglich
650 #0 - Nebeneintragung unter einem Schlagwort - Sachschlagwort
Sachschlagwort oder geografischer Name als Eintragungselement Byzantinisches Reich
650 #0 - Nebeneintragung unter einem Schlagwort - Sachschlagwort
Sachschlagwort oder geografischer Name als Eintragungselement Fränkisches Reich
650 #0 - Nebeneintragung unter einem Schlagwort - Sachschlagwort
Sachschlagwort oder geografischer Name als Eintragungselement Frieden von Aachen 812
650 #0 - Nebeneintragung unter einem Schlagwort - Sachschlagwort
Sachschlagwort oder geografischer Name als Eintragungselement Außenpolitik
651 #0 - Nebeneintragung unter einem Schlagwort - Geografischer Name
Geografischer Name Südosteuropa
655 #0 - Indexierungsterm - Genre/Form
Genre/Form oder fokussierter Term Fernzugriff
700 1# - Nebeneintragung - Personenname
Personenname Ančić, Mladen
Funktionsbezeichnung HerausgeberIn
700 1# - Nebeneintragung - Personenname
Personenname Shepard, Jonathan
Funktionsbezeichnung HerausgeberIn
700 1# - Nebeneintragung - Personenname
Personenname Vedriš, Trpimir
Funktionsbezeichnung HerausgeberIn
856 4# - Elektronische Adresse und Zugriff
URL <a href="https://ebookcentral.proquest.com/lib/maxweberstiftung-ebooks/detail.action?docID=5046721">https://ebookcentral.proquest.com/lib/maxweberstiftung-ebooks/detail.action?docID=5046721</a>
942 ## - Zusätzliche Felder (Koha)
Koha-Medientyp E-Books
Exemplare
Ausgeschieden Verloren Beschädigt Nicht entleihbar Heimatbibliothek Aufenthaltsbibliothek Aufstellungsort Erwerbungsdatum Inventarnummer Signatur Barcode Letzte Aktivität Preis gültig von Koha-Medientyp
        MWN Osteuropa MWN Osteuropa Online-Ressource 31/05/2018 18-e00148 E-18-e00148 | W 31 C c Anc 49701 18/03/2021 22/03/2021 E-Books